000
00204 a2200097 4500
001
47994
100
_a
Israr Ah
245
_a
Al-Kitab
260
_a
Lahore
_b
Pak Television Corp
_c
090
_c
30984
_d
30984
942
_a
NUST-CAE
_c
M
_c
23318
999
_c
283067
_d
283067